Language Quiz

Random Language or Latin Quiz

Present Passive Conjugation Quiz Stats

 Plays Quiz not verified by Sporcle

Challenge
Share
Tweet
Embed
Score 0/12 Timer 02:00
0 Plays Today
% Correct
narror
100%
narramur
93.8%
narramini
93.8%
narratur
93.8%
narrantur
87.5%
I am told
81.3%
narraris
81.3%
he is told
81.3%
we are told
75%
you are told
75%
you all are told
75%
they are told
75%

You're not logged in!

Compare scores with friends on all Sporcle quizzes.
Join for Free
OR
Log In

You Might Also Like...

Show Comments

Extras

Created Dec 17, 2010ReportNominate
Tags:Latin Quiz

Top Quizzes Today


Score Distribution

Your Account Isn't Verified!

In order to create a playlist on Sporcle, you need to verify the email address you used during registration. Go to your Sporcle Settings to finish the process.

Report this User

Report this user for behavior that violates our Community Guidelines.

Details: